000 00493nam a2200169 4500
001 118355
003 ES-MaACL
005 20250416063101.0
007 t|
008 070214s1932 sp r ||||1| spa d
100 1 _aPérez, Dionisio,
_d1871-1935
_990566
245 1 0 _aJesús
_b: (memorias de un jesuíta novicio) : novela /
_cDionisio Pérez.
260 _aMadrid :
_bRivadeneyra,
_c1932.
300 _a158 p. ;
_c19 cm.
852 _aES-MaACL
_jF-13952
999 _c118355
_d118355